Fenerbahce Squad 2024/25 - Statistiken

Allgemein
  • Dieses Quiz wurde 108 mal gespielt
  • Das Durchschnittsergebnis liegt bei 22 aus 27
Antwortstatistiken
Torwart Name % Korrekt
40 Livakovic Dominik
97%
17 Kahveci Irfan Can
95%
9 Dzeko Edin
90%
10 Tadic Dusan
89%
5 Yüksek Ismail
89%
13 Fred
88%
94 Talisca
88%
1 Egribayat Irfan Can
85%
70 Aydin Oguz
84%
16 Müldür Mert
84%
8 Yandas Mert Hakan
84%
50 Rodrigo Becao
82%
4 Söyüncü Caglar
82%
23 Tosun Cenk
82%
97 Saint-Maximin Allan
81%
53 Szymanski Sebastian
81%
6 Djiku Alexander
79%
19 En-Nesyri Youssef
79%
54 Cetin Ertugrul
78%
95 Akcicek Yusuf
77%
37 Skriniar Milan
77%
34 Amrabat Sofyan
75%
24 Oosterwolde Jayden
75%
21 Osayi-Samuel Bright
75%
18 Kostic Filip
68%
22 Mercan Levent
66%
33 Diego Carlos
52%
Keine übereinstimmenden Quizze gefunden
Verteilung der Resultate
Anzahl Personen mit jedem Resultat
Perzentil nach korrekt beantworteten Fragen
Ihre Resultats-Entwicklung
Sie haben dieses Quiz noch nicht gespielt